000 00769nam a22002537a 4500
001 BR7101173
003 BR-BrBNA
005 20230928083735.0
007 ta
008 230509b bl.||||| |||| 00| 0 por d
040 _aBR-BrBNA
_bpor
_cBiblioteca Nacional de Agricultura
041 _a(Por)
072 _aE40
_b/G514
090 _ E40 BR7101173
110 1 _aInstituto Nacional de Colonizacao e Reforma Agraria, Sao Paulo, SP (Brasil). Coordenadoria Regional de Sao Paulo
_96455
245 1 _aRelatorio do seminario regional de cooperativismo [Brasil]
260 3 _aSao Paulo, SP (Brasil):
_c1971.
300 _a15 p.
650 _aCOOPERATIVA
650 _aORCAMENTO
650 _aRECURSO ECONOMICO
909 _a202309
_bLucia
_c55
_dLucia Elande
942 _cBK
999 _c15018
_d15018